| 000 | 01292nam0a2200301 4500 | ||
|---|---|---|---|
| 001 | RU\NLR\BIBL_A\022668434 | ||
| 005 | 20260210144845.0 | ||
| 010 |
_a978-5-906680-47-1 _9200 |
||
| 021 |
_aRU _bКН-П-25-061593 _9КН-П-25-5952 |
||
| 035 | _a(NLR Aleph) 022668434 | ||
| 090 |
_a13552011 _c13552011 |
||
| 100 | _a20251118d2025 u y0rusy50 ca | ||
| 101 | 0 | _arus | |
| 102 | _aRU | ||
| 105 | _aac z 000yy | ||
| 181 | 0 |
_ai3 _baxxe |
|
| 182 | 0 | _an | |
| 200 | 1 |
_aМедиация: искусство внесудебной дипломатии _fответственный редактор: Измалков Александр Владимирович - судья, кандидат юридических наук, доцент |
|
| 203 |
_aТекст _bвизуальный _cнепосредственный |
||
| 210 |
_aЛипецк _cВеда социум _d2025 |
||
| 215 |
_a51 с. _cцв. ил., портр. _d21 |
||
| 606 | 1 |
_aПроцедура медиации _92139947 _3RU\NLR\AUTH\661289917 |
|
| 686 | 1 | _aХ623.211.8 | |
| 702 | 1 |
_4340 _7ca _8rus _aИзмалков _bА. В. _cканд. юрид. наук _f1982- _gАлександр Владимирович _9163830 _3RU\NLR\AUTH\770163874 |
|
| 942 | _cBOOK | ||
| 980 | _aNB | ||